000 00572ntaaa2200205 4500
003 01
005 20251027201610.0
008 0714s1973 ag 01
040 _aAR-BaBN
_bspa
_cAR-BaBN
_eaacr
_dRIC
082 _a251.7000 C91p
100 _aCultrera, Eugenio
_914616
245 _aLo primero...primero
250 _a1 ed.
260 _aBuenos Aires :
_bArgen-Press,
_c1981
300 _a99 p. ;
_c17,5 cm.
500 _aPredicaciones radiales del programa "Lo primero, primero"
650 _aRadio-Sermones
_914617
650 _aSermones Radiales
_914618
942 _cBK
999 _c10594
_d10594